000 00601nam a2200205 i 4500
001 22665
003 ES-MaACL
007 t|
008 021204s1975 sp ||||1| spa d
100 1 _aAlthusser, Louis.
_920538
245 1 0 _aEscritos /
_cLouis Althusser ; [traducción de Albert Roies Qui].
250 _a[2ª ed.].
260 _aBarcelona :
_bLaia,
_c1975.
300 _a172 p. ;
_c19 cm.
490 1 _aCiencias humanas. Filosofía
700 1 _aRoies, Alberto.
_998992
830 0 _aCiencias humanas. Filosofía
_9229003
852 _aES-MaACL
_jE-9781
_bR.93998
999 _c22665
_d22665